| 000 | 00517cam a2200169 a 4500 | ||
|---|---|---|---|
| 020 | _a1880656094 : | ||
| 040 | _cDLC | ||
| 041 | 1 | _hjpn | |
| 082 | 0 | 0 | _a895 STO 1994 A096 Or. |
| 100 | 1 | _aMukōda, Kuniko, | |
| 245 | 0 | 4 |
_aThe name of the flower : _bstories / |
| 260 |
_aBerkley, Calf. : _bStone Bridge Press, _cc1994. |
||
| 300 |
_a152 p. ; _c22 cm. |
||
| 856 | 4 | 2 | _uhttp://www.loc.gov/catdir/enhancements/fy1006/93006309-b.html |
| 856 | 4 | 2 | _uhttp://www.loc.gov/catdir/enhancements/fy1405/93006309-d.html |
| 942 | _cEK | ||
| 999 |
_c14195 _d14195 |
||